00466 2200193 4500245003800000020001800038250001100056100002000067700001200087700001700099650001700116005001900133260004100152041001400193084001300207300003200220336000900252338001100261 aFantamooshcNakayama, SeikahText a979-20-6394-3 aCet. 1 aNakayama, Seika aBinarti aUlfah Rawina aKomik Jepang a20230131081105 aJakartabElex Media Komputindoc2004 aIndonesia a741.5592 a... jil. :bilus. ;c17 cm. atext avolume